Choral music

Guardat en:
Dades bibliogràfiques
Autor principal: Jacobs, Arthur (Autor)
Format: Llibre
Idioma:anglès
Publicat: Londres Penguin Books 1963
Col·lecció:Pelican Books, 533
Matèries:
Etiquetes: Afegir etiqueta
Sense etiquetes, Sigues el primer a etiquetar aquest registre!

MARC

LEADER 00000nam a2200000 a 4500
001 UCU2434
003 CL-VaPUC
005 20231026100103.0
008 960426e19630000UK |||||||||||||||||eng|d
999 |c 246729  |d 246727 
040 |c Pontificia Universidad Católica de Valparaíso 
082 0 4 |a 782.5 JAC 1963  |2 21 
100 |a Jacobs, Arthur  |e author  |9 497606 
245 1 0 |a Choral music 
260 |a Londres  |b Penguin Books  |c 1963 
300 |a 444 p 
490 0 |a Pelican Books, 533 
583 |a last modification  |c 19960426 00:00:00  |k Rodrigo Vera 
600 1 7 |a Rossini, Gioacchino  |9 606609  |d 1792-1868  |e Compositor  |q Rossini, Gioachino Antonio 
600 0 |a Berlioz, Hector Louis  |9 306282  |d 1803-1869 
600 1 7 |a Dvorák, Antonín Leopold  |9 606713  |d 1841-1904  |e Compositor 
600 1 7 |a Debussy, Claude  |9 606748  |d 1862-1918  |e Compositor  |q Debussy, Achille-Claude 
600 0 |a Liszt, Franz,  |d 1811-1886  |9 614058 
650 0 |a Música vocal   |9 306287 
650 0 |a Coros  |9 341002 
650 0 |a Canto  |2 CL-VaPUC  |9 337480 
650 0 |a Compositores  |9 306451 
651 0 |a Alemania  |9 255688 
651 0 |a Inglaterra  |9 255158 
651 0 |a Francia  |9 255157 
651 0 |a Italia  |9 254949 
942 |c BK  |2 ddc 
945 |d 19960426 00:00:00  |a rleighto 
952 |0 0  |1 0  |4 0  |6 782_500000000000000_JAC_1963  |7 0  |8 A  |9 261920  |a BIBEDU  |b BIBEDU  |d 2019-11-19  |i 3120244  |o 782.5 JAC 1963  |p 3120244  |r 2023-01-12  |w 2019-11-19  |y BK  |k MUS 
952 |0 0  |1 0  |4 0  |6 782_500000000000000_JAC_1963  |7 0  |8 A  |9 261921  |a BIBEDU  |b BIBEDU  |d 2019-11-19  |i 1234137  |o 782.5 JAC 1963  |p 1234137  |r 2023-01-12  |w 2019-11-19  |y BK  |k MUS